<?xml version="1.0" encoding="UTF-8"?>
<record
    xmlns:xsi="http://www.w3.org/2001/XMLSchema-instance"
    xsi:schemaLocation="http://www.loc.gov/MARC21/slim http://www.loc.gov/standards/marcxml/schema/MARC21slim.xsd"
    xmlns="http://www.loc.gov/MARC21/slim">

  <leader>01986cam a2200181   4500500</leader>
  <controlfield tag="005">20260329014130.0</controlfield>
  <datafield tag="041" ind1=" " ind2=" ">
    <subfield code="a">fre</subfield>
  </datafield>
  <datafield tag="042" ind1=" " ind2=" ">
    <subfield code="a">dc</subfield>
  </datafield>
  <datafield tag="100" ind1="1" ind2="0">
    <subfield code="a">Lejeune, &#xC9;line</subfield>
    <subfield code="e">author</subfield>
  </datafield>
  <datafield tag="700" ind1="1" ind2="0">
    <subfield code="a">Demeuse, Marc</subfield>
    <subfield code="e">author</subfield>
  </datafield>
  <datafield tag="245" ind1="0" ind2="0">
    <subfield code="a">Tricherie et jugement moral chez les &#xE9;l&#xE8;ves belges francophones du d&#xE9;but de l&#x2019;enseignement secondaire &#xE0; travers l&#x2019;utilisation de planches de bande dessin&#xE9;e</subfield>
  </datafield>
  <datafield tag="260" ind1=" " ind2=" ">
    <subfield code="c">2025.
							</subfield>
  </datafield>
  <datafield tag="500" ind1=" " ind2=" ">
    <subfield code="a">42</subfield>
  </datafield>
  <datafield tag="520" ind1=" " ind2=" ">
    <subfield code="a">Le soutien &#xE0; la parentalit&#xE9; &#xE0; domicile en protection de l&#x2019;enfance est &#xE9;tudi&#xE9; dans une recherche questionnant la construction de la confiance comme alternative au risque d&#x2019;adh&#xE9;sion forc&#xE9;e. Nous probl&#xE9;matisons les liens entre engagement, int&#xE9;r&#xEA;t et confiance pour d&#xE9;crire comment le savoir-faire des &#xE9;ducateurs consiste &#xE0; faire vivre une exp&#xE9;rience aux parents. Cette exp&#xE9;rience implique l&#x2019;engagement tant des professionnels que des parents, dans un processus d&#x2019;int&#xE9;ressement mutuel soutenu par une mise au travail de l&#x2019;affectivit&#xE9;. Ce processus est sous-tendu par le fait de faire vivre/sentir la confiance aux parents afin de les faire enqu&#xEA;ter et exp&#xE9;rimenter de nouvelles voies &#xE9;ducatives.</subfield>
  </datafield>
  <datafield tag="520" ind1=" " ind2=" ">
    <subfield code="a">Home-based parenting support in child protection is studied in a research project questioning the construction of trust as an alternative to the risk of forced adhesion. We problematize the links between commitment, interest and trust to describe how educators&#x2019; know-how consists in providing parents with an experience.This experience involves the commitment of both professionals and parents, in a process of mutual interest underpinned by a focus on affectivity. This process is underpinned by making parents experience/feel trust, in order to make them investigate and experiment with new educational avenues.</subfield>
  </datafield>
  <datafield tag="786" ind1="0" ind2=" ">
    <subfield code="n">Phronesis | Hors s&#xE9;rieVolume 14 | HS1 | 2025-06-06 | p. 221-237</subfield>
  </datafield>
  <datafield tag="856" ind1="4" ind2="1">
    <subfield code="u">https://shs.cairn.info/revue-phronesis-2025-5-page-221?lang=fr&amp;redirect-ssocas=7080</subfield>
  </datafield>
  <datafield tag="999" ind1=" " ind2=" ">
    <subfield code="c">1886491</subfield>
    <subfield code="d">1886491</subfield>
  </datafield>
</record>
